[Event "San Pedro de la Paz-A"]
[Site "San Pedro de la Paz"]
[Date "2022.03.09"]
[Round "3"]
[White "Reyes Mendoza, Tomas"]
[Black "Gomez Barrera, Javiera Belen"]
[Result "1/2-1/2"]
[WhiteElo "2065"]
[BlackElo "2199"]
[PlyCount "45"]
[EventDate "2022.03.07"]
[EventType "tourn"]
[EventRounds "9"]
[EventCountry "CHI"]
[SourceTitle "CBM 207 Extra"]
[Source "ChessBase"]
[SourceDate "2022.05.31"]
[SourceVersion "1"]
[SourceVersionDate "2022.05.31"]
[SourceQuality "1"]

1. e4 e5 2. Nf3 Nc6 3. Bb5 a6 4. Ba4 Nf6 5. d3 Bc5 6. 0-0 d6 7. c3 Ba7 8. h3 h6 9. Re1 g5 10. Bxc6+ bxc6 11. d4 g4 12. dxe5 gxf3 13. exf6 Qxf6 14. Qxf3 Qxf3 15. gxf3 Rg8+ 16. Kf1 a5 17. c4 Bd4 18. Rd1 Bf6 19. Na3 Be6 20. Rb1 Rb8 21. b3 h5 22. Ke2 h4 23. Rh1 1/2-1/2

[Event "CHI-ch sf"]
[Site "Quilpue"]
[Date "2022.02.06"]
[Round "6"]
[White "Reyes Mendoza, Tomas"]
[Black "Jaque Gutierrez, Matias"]
[Result "1-0"]
[WhiteElo "2065"]
[BlackElo "2033"]
[PlyCount "131"]
[EventDate "2022.02.04"]
[EventType "swiss"]
[EventRounds "8"]
[EventCountry "CHI"]
[SourceTitle "EXT 2023"]
[Source "ChessBase"]
[SourceDate "2022.10.05"]
[SourceVersion "1"]
[SourceVersionDate "2022.10.05"]
[SourceQuality "1"]

1. e4 c5 2. Nf3 e6 3. d4 cxd4 4. Nxd4 a6 5. c4 Nf6 6. Nc3 Qc7 7. a3 b6 8. Be3 Bb7 9. f3 Be7 10. Be2 d6 11. 0-0 0-0 12. Qd2 Nbd7 13. Rfc1 Rac8 14. a4 Qb8 15. a5 bxa5 16. Rxa5 Ne5 17. b3 Rfe8 18. Raa1 Nfd7 19. Rab1 Bf6 20. Bf2 h6 21. Na4 Nc6 22. Bf1 Be5 23. g3 Nxd4 24. Bxd4 Bc6 25. Nc3 Qb4 26. Rd1 Rb8 27. Ne2 Qxd2 28. Rxd2 Rb4 29. Bc3 Bxc3 30. Nxc3 Nc5 31. Rxd6 Rc8 32. Na2 Rxb3 33. Rxb3 Nxb3 34. Nb4 Bb7 35. Rb6 Nc5 36. Nd3 Nxd3 37. Bxd3 Rc7 38. Kf2 Kf8 39. Ke3 Ke7 40. Kd4 Kd7 41. f4 Kc8 42. c5 a5 43. Bb5 Kd8 44. c6 Bc8 45. Kc5 Ra7 46. Ba4 Kc7 47. e5 Ra8 48. Rb2 Ba6 49. Rd2 Bc8 50. g4 Rb8 51. Bb5 g6 52. h4 Ra8 53. Ra2 Ra7 54. Ra3 Ra8 55. Rh3 Ba6 56. Rd3 Bc8 57. Ra3 Ra7 58. h5 gxh5 59. gxh5 Ra8 60. Rg3 a4 61. Rg7 a3 62. Rxf7+ Kb8 63. Kb6 Ra5 64. c7+ Ka8 65. Bc6+ Bb7 66. Rf8# 1-0

[Event "CHI-ch U20"]
[Site "Quirihue"]
[Date "2022.01.21"]
[Round "9"]
[White "Gomez Barrera, Gonzalo Andres"]
[Black "Reyes Mendoza, Tomas"]
[Result "0-1"]
[WhiteElo "2116"]
[BlackElo "2061"]
[PlyCount "70"]
[EventDate "2022.01.17"]
[EventType "swiss"]
[EventRounds "9"]
[EventCountry "CHI"]
[SourceTitle "CBM 206 Extra"]
[Source "ChessBase"]
[SourceDate "2022.03.31"]
[SourceVersion "1"]
[SourceVersionDate "2022.03.31"]
[SourceQuality "1"]

1. e4 e5 2. Nf3 Nc6 3. Bc4 Bc5 4. b4 Bxb4 5. c3 Ba5 6. d4 exd4 7. Qb3 Qe7 8. 0-0 Bb6 9. Ba3 d6 10. Bb5 Be6 11. Bxc6+ bxc6 12. Qa4 Qd7 13. cxd4 Ne7 14. Nbd2 0-0 15. Nc4 Bg4 16. Qb3 Bxf3 17. Nxb6 Qg4 18. Qxf3 Qxf3 19. gxf3 axb6 20. Bb2 c5 21. dxc5 bxc5 22. Rfd1 Rfb8 23. Rd2 f6 24. Kg2 Kf7 25. f4 Ra4 26. f3 Nc6 27. e5 Rab4 28. Bc3 Rc4 29. Bb2 d5 30. Re1 d4 31. e6+ Ke7 32. Kg3 Nb4 33. h4 Nc2 34. Rb1 Ne3 35. Rc1 Rxb2 0-1

[Event "CHI-ch U20"]
[Site "Quirihue"]
[Date "2022.01.17"]
[Round "1"]
[White "Perez Rojas, Jorge"]
[Black "Reyes Mendoza, Tomas"]
[Result "1-0"]
[WhiteElo "1337"]
[BlackElo "2061"]
[PlyCount "81"]
[EventDate "2022.01.17"]
[EventType "swiss"]
[EventRounds "9"]
[EventCountry "CHI"]
[SourceTitle "CBM 206 Extra"]
[Source "ChessBase"]
[SourceDate "2022.03.31"]
[SourceVersion "1"]
[SourceVersionDate "2022.03.31"]
[SourceQuality "1"]

1. d4 d5 2. Nf3 Nf6 3. Bf4 e6 4. e3 Bd6 5. Bg3 c5 6. c3 Qc7 7. Bxd6 Qxd6 8. Ne5 Nc6 9. f4 0-0 10. Bd3 Ne7 11. 0-0 c4 12. Bc2 b5 13. Nd2 Bb7 14. Qf3 Qc7 15. g4 Ng6 16. g5 Nd7 17. h4 f5 18. gxf6 Rxf6 19. Qh5 Ndf8 20. Ng4 Rf7 21. Nf3 Ne7 22. Qg5 Kh8 23. Nfe5 Rf5 24. Bxf5 Nxf5 25. Rae1 h6 26. Nxh6 gxh6 27. Qf6+ Qg7+ 28. Qxg7+ Kxg7 29. Kf2 Nxh4 30. Rg1+ Kf6 31. Rg4 Nf5 32. Reg1 a5 33. Rg8 b4 34. Rh8 Nd6 35. Rxh6+ Kf5 36. Kf3 Ne4 37. Rg7 Nd2+ 38. Ke2 Nb1 39. Rxb7 Ke4 40. Ng4 Kf5 41. Nf2 1-0

[Event "Concepcion Henriquez Memorial"]
[Site "Concepcion"]
[Date "2021.10.02"]
[Round "9"]
[White "Reyes Mendoza, Tomas"]
[Black "Mundaca Bermedo, Tomas Joaquin"]
[Result "1-0"]
[WhiteElo "1879"]
[BlackElo "1512"]
[PlyCount "57"]
[EventDate "2021.09.08"]
[EventType "tourn"]
[EventRounds "9"]
[EventCountry "CHI"]
[SourceTitle "EXT 2023"]
[Source "ChessBase"]
[SourceDate "2022.10.05"]
[SourceVersion "1"]
[SourceVersionDate "2022.10.05"]
[SourceQuality "1"]

1. e4 c5 2. Nf3 e6 3. d4 cxd4 4. Nxd4 a6 5. c4 Qc7 6. a3 Nf6 7. Nc3 Be7 8. Be3 d6 9. Be2 Nbd7 10. 0-0 0-0 11. f3 b6 12. Qd2 Bb7 13. Rfc1 Rac8 14. a4 Nc5 15. b4 e5 16. Ndb5 Nb3 17. Qb2 axb5 18. Nxb5 Qd8 19. Qxb3 Ba6 20. Na7 Ra8 21. Nc6 Qd7 22. Nxe7+ Qxe7 23. b5 Bb7 24. Bxb6 Rfb8 25. c5 Nd7 26. Qe3 Nxb6 27. cxb6 d5 28. exd5 Bxd5 29. a5 1-0

[Event "Concepcion Henriquez Memorial"]
[Site "Concepcion"]
[Date "2021.09.24"]
[Round "7"]
[White "Reyes Mendoza, Tomas"]
[Black "Cona Jara, David Eliezer"]
[Result "1-0"]
[WhiteElo "1879"]
[BlackElo "1779"]
[PlyCount "34"]
[EventDate "2021.09.08"]
[EventType "tourn"]
[EventRounds "9"]
[EventCountry "CHI"]
[SourceTitle "EXT 2023"]
[Source "ChessBase"]
[SourceDate "2022.10.05"]
[SourceVersion "1"]
[SourceVersionDate "2022.10.05"]
[SourceQuality "1"]

1. e4 e5 2. Nf3 Nc6 3. Bb5 Nf6 4. d3 Bc5 5. 0-0 Nd4 6. Nxd4 Bxd4 7. c3 Bb6 8. Bg5 h6 9. Be3 c6 10. Ba4 0-0 11. Nd2 d5 12. d4 g6 13. c4 Bg4 14. c5 a6 15. cxb6 h5 16. Bxc6 h4 17. Bd7 Bxd7 1-0

[Event "Valdivia op 2nd"]
[Site "Valdivia"]
[Date "2021.09.19"]
[Round "4"]
[White "Montero Martinez, Cristian"]
[Black "Reyes Mendoza, Tomas"]
[Result "0-1"]
[WhiteElo "2080"]
[BlackElo "1879"]
[PlyCount "106"]
[EventDate "2021.09.16"]
[EventType "swiss"]
[EventRounds "6"]
[EventCountry "CHI"]
[SourceTitle "CBM 204 Extra"]
[Source "ChessBase"]
[SourceDate "2021.11.30"]
[SourceVersion "1"]
[SourceVersionDate "2021.11.30"]
[SourceQuality "1"]

1. e4 e5 2. Nf3 Nc6 3. Bb5 a6 4. Ba4 Nf6 5. d3 b5 6. Bb3 Bc5 7. c3 0-0 8. Nbd2 d6 9. h3 Bb6 10. Nf1 Ne7 11. a4 Bb7 12. Ng3 Ng6 13. 0-0 c5 14. Re1 Re8 15. Ng5 d5 16. exd5 Bxd5 17. axb5 axb5 18. Rxa8 Qxa8 19. N5e4 c4 20. Nxf6+ gxf6 21. dxc4 bxc4 22. Bc2 Bxg2 23. Be4 Bxe4 24. Nxe4 Qc6 25. Qf3 Bd8 26. Kh2 Kh8 27. Rg1 Rg8 28. Bh6 Be7 29. Ng5 Qe8 30. Nxh7 Kxh7 31. Qh5 Rh8 32. f4 exf4 33. Bxf4+ Kg7 34. Qd5 Qc8 35. Qg2 Qf5 36. Bg3 Qd7 37. Qf1 Bc5 38. Rh1 Qd2+ 39. Qg2 Rd8 40. h4 Qh6 41. Re1 Rd2 42. Re2 Rxe2 43. Qxe2 Nxh4 44. Qg4+ Ng6+ 45. Kg2 Qd2+ 46. Kh3 Qd5 47. Qe2 f5 48. Bh2 f4 49. Qg4 Qe6 50. Bxf4 Qxg4+ 51. Kxg4 Nxf4 52. Kxf4 Kf6 53. Ke4 Ke6 0-1

[Event "Valdivia op 2nd"]
[Site "Valdivia"]
[Date "2021.09.17"]
[Round "2"]
[White "Diaz Villagran, Robert"]
[Black "Reyes Mendoza, Tomas"]
[Result "1-0"]
[WhiteElo "2305"]
[BlackElo "1879"]
[PlyCount "61"]
[EventDate "2021.09.16"]
[EventType "swiss"]
[EventRounds "6"]
[EventCountry "CHI"]
[SourceTitle "CBM 204 Extra"]
[Source "ChessBase"]
[SourceDate "2021.11.30"]
[SourceVersion "1"]
[SourceVersionDate "2021.11.30"]
[SourceQuality "1"]

1. Nf3 d5 2. g3 Nf6 3. Bg2 Bf5 4. 0-0 e6 5. d3 c6 6. Nbd2 h6 7. Qe1 Bh7 8. e4 Be7 9. Qe2 0-0 10. Re1 Re8 11. b3 a5 12. e5 Nfd7 13. Nf1 a4 14. Bf4 c5 15. c4 Nb6 16. Rad1 Nc6 17. d4 Qc7 18. dxc5 Bxc5 19. Ne3 d4 20. Ng4 d3 21. Rxd3 Bxd3 22. Qxd3 Bf8 23. Bxh6 Nb4 24. Qe4 Nd7 25. Ng5 g6 26. Rd1 Bg7 27. Bxg7 Kxg7 28. Qf4 Re7 29. Rxd7 Rxd7 30. Qf6+ Kf8 31. Nxe6+ 1-0

[Event "American World Cup Q Prelim"]
[Site "Tornelo INT"]
[Date "2021.05.09"]
[Round "8"]
[White "Reyes Mendoza, Tomas"]
[Black "Duarte, Leonardo"]
[Result "1-0"]
[WhiteElo "1879"]
[BlackElo "2330"]
[PlyCount "71"]
[EventDate "2021.05.08"]
[EventType "swiss (rapid)"]
[EventRounds "9"]
[EventCountry "USA"]
[SourceTitle "CBM 202 Extra"]
[Source "ChessBase"]
[SourceDate "2021.07.31"]
[SourceVersion "1"]
[SourceVersionDate "2021.07.31"]
[SourceQuality "1"]

1. e4 c5 2. Nf3 e6 3. d4 cxd4 4. Nxd4 Nc6 5. c4 Nf6 6. Nc3 Bb4 7. Qd3 d5 8. cxd5 exd5 9. Nxc6 bxc6 10. exd5 Nxd5 11. Bd2 0-0 12. Nxd5 Bxd2+ 13. Qxd2 cxd5 14. Be2 d4 15. 0-0 Qd6 16. Bf3 Rb8 17. Rfd1 Rd8 18. Rac1 Bf5 19. Rc6 Qd7 20. Rc5 h6 21. Rd5 Qe6 22. Rxd4 Rdc8 23. Bd5 Qg6 24. b4 Rc2 25. Qf4 Re8 26. Bb3 Rce2 27. Rd8 Rxd8 28. Rxd8+ Kh7 29. Rd1 Be6 30. Bxe6 Qxe6 31. h3 Qxa2 32. Qf5+ g6 33. Qf6 Qe6 34. Qc3 Re5 35. Qd2 h5 36. Rf1 1-0

[Event "South America-ch U12 16th"]
[Site "Buenos Aires"]
[Date "2019.12.02"]
[Round "3.6"]
[White "Suarez, Laureano1111"]
[Black "Reyes Mendoza, Tomas"]
[Result "0-1"]
[WhiteElo "1461"]
[BlackElo "1917"]
[PlyCount "32"]
[EventDate "2019.12.01"]
[EventType "swiss"]
[EventRounds "9"]
[EventCountry "ARG"]
[SourceTitle "EXT 2024"]
[Source "ChessBase"]
[SourceDate "2023.10.10"]
[SourceVersion "1"]
[SourceVersionDate "2023.10.10"]
[SourceQuality "1"]

1. e4 e5 2. Nf3 Nc6 3. Bc4 Bc5 4. b4 Bb6 5. a4 a6 6. 0-0 d6 7. Ba3 Nf6 8. Nc3 0-0 9. d3 Bg4 10. Kh1 Nd4 11. Nd5 Nxd5 12. Bxd5 Qf6 13. Qc1 Nxf3 14. h3 Qh4 15. gxf3 Qxh3+ 16. Kg1 Qg3+ 0-1

[Event "Pan American-ch U12"]
[Site "Guayaquil"]
[Date "2019.07.26"]
[Round "8"]
[White "Zacarias Rodriguez, Santiago"]
[Black "Reyes Mendoza, Tomas"]
[Result "1/2-1/2"]
[WhiteElo "1768"]
[BlackElo "1693"]
[PlyCount "51"]
[EventDate "2019.07.21"]
[EventType "swiss"]
[EventRounds "9"]
[EventCountry "ECU"]
[SourceTitle "EXT 2020"]
[Source "ChessBase"]
[SourceDate "2019.10.17"]
[SourceVersion "1"]
[SourceVersionDate "2019.10.17"]
[SourceQuality "1"]

1. e4 e5 2. Nf3 Nc6 3. Bb5 a6 4. Ba4 Nf6 5. 0-0 b5 6. Bb3 Nxe4 7. Re1 d5 8. d3 Nf6 9. Nxe5 Nxe5 10. Rxe5+ Be6 11. Re1 Bd6 12. Nd2 0-0 13. h3 c5 14. c3 Qc7 15. Nf3 h6 16. Be3 Rad8 17. Rc1 Bf5 18. Bc2 Rfe8 19. a3 Bf4 20. Qd2 Bxe3 21. Rxe3 Rxe3 22. Qxe3 Re8 23. Qd2 Re6 24. Nh2 Nd7 25. Nf3 Nf6 26. Nh2 1/2-1/2

[Event "Pan American-ch U12"]
[Site "Guayaquil"]
[Date "2019.07.25"]
[Round "7"]
[White "Rodriguez Pantoja, Obel"]
[Black "Reyes Mendoza, Tomas"]
[Result "0-1"]
[WhiteElo "1715"]
[BlackElo "1693"]
[PlyCount "98"]
[EventDate "2019.07.21"]
[EventType "swiss"]
[EventRounds "9"]
[EventCountry "ECU"]
[SourceTitle "EXT 2020"]
[Source "ChessBase"]
[SourceDate "2019.10.17"]
[SourceVersion "1"]
[SourceVersionDate "2019.10.17"]
[SourceQuality "1"]

1. e4 e5 2. Nf3 Nc6 3. Bc4 Bc5 4. d3 Nf6 5. c3 0-0 6. 0-0 d6 7. Bb3 h6 8. Bc2 Bb6 9. h3 Ne7 10. a4 c6 11. d4 Ng6 12. Na3 Be6 13. Re1 Re8 14. Be3 Bc7 15. Qe2 Qe7 16. Rad1 Rad8 17. b4 a6 18. Rd2 Rd7 19. Red1 d5 20. dxe5 Nxe5 21. Nxe5 Bxe5 22. Bc5 Qd8 23. Nb1 Qc7 24. Bd4 dxe4 25. Bxe5 Qxe5 26. Rxd7 Bxd7 27. Re1 Qg5 28. Qe3 Qg6 29. Qg3 Qxg3 30. fxg3 Bf5 31. Kf1 Bg6 32. g4 Nd5 33. Bb3 Nf6 34. Bc2 Re5 35. c4 Kf8 36. Nc3 Bh7 37. Ke2 g5 38. Ke3 Re7 39. Rf1 Kg7 40. Rd1 Nd7 41. Rd4 Nb6 42. a5 Nd7 43. Bxe4 c5 44. bxc5 Nxc5 45. Kf3 Nb3 46. Rd5 Rc7 47. Bxh7 Kxh7 48. Ne4 Rxc4 49. Rd7 Rxe4 0-1

[Event "Pan American-ch U12"]
[Site "Guayaquil"]
[Date "2019.07.22"]
[Round "3"]
[White "Reyes Mendoza, Tomas"]
[Black "De Siqueira, Luigy Lira"]
[Result "1/2-1/2"]
[WhiteElo "1693"]
[BlackElo "1784"]
[PlyCount "101"]
[EventDate "2019.07.21"]
[EventType "swiss"]
[EventRounds "9"]
[EventCountry "ECU"]
[SourceTitle "EXT 2020"]
[Source "ChessBase"]
[SourceDate "2019.10.17"]
[SourceVersion "1"]
[SourceVersionDate "2019.10.17"]
[SourceQuality "1"]

1. d4 Nf6 2. Bf4 c5 3. e3 e6 4. c3 Nc6 5. Nf3 Be7 6. Nbd2 b6 7. Bd3 d6 8. 0-0 Nh5 9. Bg3 Nxg3 10. hxg3 Bb7 11. Qe2 Rc8 12. Ba6 Bxa6 13. Qxa6 0-0 14. Rad1 cxd4 15. exd4 d5 16. Qe2 Bd6 17. Rfe1 Re8 18. Qd3 Qf6 19. Nf1 Qh6 20. Qd2 Qxd2 21. Rxd2 b5 22. a3 a5 23. Ne3 Ne7 24. Rc1 Rc6 25. Rdc2 Rec8 26. Nd2 R6c7 27. Nb3 a4 28. Nd2 Nc6 29. Kf1 f5 30. Ke2 Kf7 31. f4 g5 32. Kf3 Ne7 33. Rh1 Kg7 34. Rh5 h6 35. Rc1 Ng6 36. fxg5 hxg5 37. Rch1 Rh8 38. Rxh8 Nxh8 39. g4 f4 40. Nd1 Ng6 41. Ke2 Nh4 42. Nf3 Nxf3 43. gxf3 e5 44. Kd3 Re7 45. Re1 Kf6 46. Nf2 Rh7 47. Rh1 Rxh1 48. Nxh1 Ke6 49. Nf2 Bf8 50. Nh3 Be7 51. Nf2 1/2-1/2

[Event "Pan American-ch U12"]
[Site "Santiago de Chile"]
[Date "2018.07.23"]
[Round "2"]
[White "Reyes Mendoza, Tomas"]
[Black "Zhou, Aiden"]
[Result "0-1"]
[WhiteElo "1592"]
[BlackElo "2044"]
[PlyCount "64"]
[EventDate "2018.07.22"]
[EventType "swiss"]
[EventRounds "9"]
[EventCountry "CHI"]
[SourceTitle "EXT 2022"]
[Source "ChessBase"]
[SourceDate "2021.10.06"]
[SourceVersion "1"]
[SourceVersionDate "2021.10.06"]
[SourceQuality "1"]

1. d4 Nf6 2. Bf4 e6 3. e3 d5 4. Nf3 Bd6 5. Bg3 0-0 6. Bd3 c5 7. c3 Nc6 8. Nbd2 Qc7 9. dxc5 Bxg3 10. hxg3 e5 11. Be2 a5 12. Qc2 Qe7 13. Bb5 e4 14. Bxc6 bxc6 15. Nd4 Qxc5 16. Rc1 Qb6 17. c4 Ba6 18. b3 Rfe8 19. Qc3 Ng4 20. Rh4 Ne5 21. Rb1 c5 22. Ne2 g5 23. Rh3 Qf6 24. Kf1 Qf5 25. Kg1 Nf3+ 26. Kf1 d4 27. exd4 Nxd2+ 28. Qxd2 e3 29. Qe1 exf2 30. Qd1 g4 31. Rh6 Rxe2 32. Kxe2 Re8+ 0-1